Jewish Actors - Statistics

General Stats
  • This quiz has been taken 55 times
  • The average score is 19 of 201
Answer Stats
Hint Answer % Correct
Actor, "Spartacus" "Paths of Glory" 1916 Kirk Douglas
55%
Actor, "Wall Street" "Basic Instinct" "Ant-Man" 1944 Michael Douglas
55%
Actor, "Night at the Museum" "Meet the Parents" "Zoolander" 1965 Ben Stiller
48%
Actor, "Star Wars" "Indiana Jones" "Blade Runner" 1942 Harrison Ford
45%
Actor, "Seinfeld" "Zoolander" "The King of Queens" 1927 Jerry Stiller
42%
Actor best known for his role as Spock in "Star Trek" 1931 Leonard Nimoy
42%
Actor, "The Color of Money" "Butch Cassidy and the Sundance Kid" "Road to Perdition" "Cars" 1925 Paul Newman
42%
Actress, "Funny Girl" "Yentl" "Meet the Fockers" 1942 Barbra Streisand
39%
Actor, "Spaceballs" "The Producers" "Robin Hood: Men in Tights" 1926 Mel Brooks
39%
Actor, "Annie Hall" "Hannah and Her Sisters" 1935 Woody Allen
36%
Actor, "Uncut Gems" "50 First Dates" "Grown Ups" "Happy Gilmore" 1966 Adam Sandler
33%
Actor best known for his role as Willy Wonka in "Willy Wonka & the Chocolate Factory" 1933 Gene Wilder
33%
Actor best known for his role as Chief Inspector Clouseau in "The Pink Panther" 1925 Peter Sellers
33%
Actor best known for his role as James T. Kirk in "Star Trek" 1931 William Shatner
33%
Actor, "Broadcast News" "Taxi Driver" "Finding Nemo" 1947 Albert Brooks
27%
Actor, "Jurassic Park" "Independence Day" "The Fly" "Wicked" 1952 Jeff Goldblum
27%
Actor best known for playing a semi-fictionalized version of himself in "Seinfeld" 1954 Jerry Seinfeld
27%
Actor, "Little Miss Sunshine" "Argo" "The Kominsky Method" 1934 Alan Arkin
24%
Actress, "Wonder Woman" "Snow White" "Red Notice" 1985 Gal Gadot
24%
Actress best known for role as Roseanne Harris-Conner in "Roseanne" 1952 Roseanne Barr
24%
Actor best known for his role as Danny Williams in "Hawaii Five-0" 1976 Scott Caan
24%
Actor, "The Princess Bride" "Young Sheldon" "Clueless" 1943 Wallace Shawn
24%
Actress, "Green Acres" "The Aristocats" 1919 Eva Gabor
21%
Actor best known for his role as Sonny Corleone in "The Godfather" 1940 James Caan
21%
Actor best known for his role as George Steinbrenner in "Seinfeld" 1947 Larry David
21%
Actress, "Léon: The Professional" "Star Wars" "Thor" "Black Swan" 1981 Natalie Portman
21%
Actor, "Ant-Man" "Ghostbusters" "Friends" 1969 Paul Rudd
21%
Actor, "Dune" "Call Me by Your Name" "A Complete Unknown" 1995 Timothée Chalamet
21%
Actress, "Moulin Rouge" "We're Not Married!" 1917 Zsa Zsa Gabor
21%
Actor, "Brooklyn Nine-Nine" "Palm Springs" "Hot Rod" 1978 Andy Samberg
18%
Actor, "M*A*S*H" "Ocean's Eleven" "Friends" 1938 Elliott Gould
18%
Actor, "American Pie" "Schitt's Creek" "Father of the Bride" 1946 Eugene Levy
18%
Actor, "Taxi Driver" "Pulp Fiction" "Thelma & Louise" 1939 Harvey Keitel
18%
Actor, "127 Hours" "The Disaster Artist" "Spider-Man" "Spring Breakers" 1978 James Franco
18%
Actress best known for her role as Elaine Benes in "Seinfeld" 1961 Julia Louis-Dreyfus
18%
Actress, "Hubie Halloween" "You Are So Not Invited to My Bat Mitzvah" 2006 Sadie Sandler
18%
Actress, "Hubie Halloween" "You Are So Not Invited to My Bat Mitzvah" 2008 Sunny Sandler
18%
Actor best known for his role as Danny Tanner in "Full House" and "Fuller House" 1956 Bob Saget
15%
Actor, "There Will Be Blood" "Lincoln" "Gangs of New York" 1957 Daniel Day-Lewis
15%
Actor best known for his role as David Rose in "Schitt's Creek" 1983 Dan Levy
15%
Actor, "21 Jump Street" "Nerve" "The Disaster Artist" 1985 Dave Franco
15%
Actor, "Happy Days" "Holes" "Arrested Development" 1945 Henry Winkler
15%
Actor, "The Social Network" "A Real Pain" "Zombieland" 1983 Jesse Eisenberg
15%
Actor, "Independence Day" "The Fabelmans" "Numb3rs" 1935 Judd Hirsch
15%
Actress, "Almost Famous" "How to Lose a Guy in 10 Days" "Bride Wars" 1979 Kate Hudson
15%
Actress, "The Office" "Boston Public" "Parks and Recreation" 1976 Rashida Jones
15%
Actor, "Jaws" "American Graffiti" "Close Encounters of the Third Kind" 1947 Richard Dreyfuss
15%
Actress, "Beetlejuice" "Edward Scissorhands" "Girl, Interrupted" "Stranger Things" 1971 Winona Ryder
15%
Actor, "High School Musical" "The Greatest Showman" "The Iron Claw" 1987 Zac Efron
15%
Actor, "The Fault in Our Stars" "Baby Driver" "West Side Story" 1994 Ansel Elgort
12%
Actor best known for his role as Billy Batson in "Shazam!" 2002 Asher Angel
12%
Actor and puppeteer, "Star Wars" "The Muppets" 1944 Frank Oz
12%
Actor best known for his role as Dr. Egon Spengler in "Ghostbusters" 1944 Harold Ramis
12%
Actor, "It" "Shazam!" "Beautiful Boy" 2003 Jack Dylan Grazer
12%
Actress, "Everything Everywhere All at Once" "Halloween" "True Lies" 1958 Jamie Lee Curtis
12%
Actor, "Frozen" "The Book of Mormon" "Beauty and the Beast" 1981 Josh Gad
12%
Actor, "The Perks of Being a Wallflower" "Percy Jackson & the Olympians" "Noah" 1992 Logan Lerman
12%
Actor, "Ed Wood" "Crimes and Misdemeanors" "North by Northwest" 1928 Martin Landau
12%
Actress, "Anora" "Once Upon a Time in Hollywood" "Scream" 1999 Mikey Madison
12%
Actor best known for his role as Will Byers in "Stranger Things" 2004 Noah Schnapp
12%
Actor, "Ghostbusters" "Honey, I Shrunk the Kids" "Spaceballs" 1953 Rick Moranis
12%
Actor, "Iron Man" "Oppenheimer" "Zodiac" "Sherlock Holmes" 1965 Robert Downey Jr.
12%
Actor, "Borat" "The Dictator" "Hugo" "The Trial of the Chicago 7" 1971 Sacha Baron Cohen
12%
Actor, "Mystic River" "Milk" "The Thin Red Line" 1960 Sean Penn
12%
Actor, "Knocked Up" "Superbad" "The Interview" "The Fabelmans" 1982 Seth Rogen
12%
Actor, "Transformers" "Constantine" "Holes" "Honey Boy" 1986 Shia LaBeouf
12%
Actor, "Kick-Ass" "Avengers: Age of Ultron" "Bullet Train" "Kraven the Hunter" 1990 Aaron Taylor-Johnson
9%
Actress, "Clueless" "Batman & Robin" 1976 Alicia Silverstone
9%
Actor, "The Amazing Spider-Man" "Hacksaw Ridge" "The Social Network" 1983 Andrew Garfield
9%
Actress, "Booksmart" "Lady Bird" "Drive-Away Dolls" 1993 Beanie Feldstein
9%
Actor best known for his role as Ross Geller in "Friends" 1966 David Schwimmer
9%
Actress, "Private Benjamin" "The First Wives Club" "The Christmas Chronicles" 1945 Goldie Hawn
9%
Actor, "True Grit" "The Edge of Seventeen" "Sinners" "Bumblebee" 1996 Hailee Steinfeld
9%
Actor, "School of Rock" "A Minecraft Movie" "Jumanji: Welcome to the Jungle" 1969 Jack Black
9%
Actor best known for his role as George Costanza in "Seinfeld" 1959 Jason Alexander
9%
Actor, "Arrested Development" "Hangover" "Transparent" 1944 Jeffrey Tambor
9%
Actress,"Dirty Dancing" "Ferris Bueller's Day Off" 1960 Jennifer Grey
9%
Actress, "The Hateful Eight" "Annihilation" "Fast Time at the Ridgemont High" 1962 Jennifer Jason Leigh
9%
Actor, "Joker" "Gladiator" "Walk the Line" "Her" 1974 Joaquin Phoenix
9%
Actress, "The Kissing Booth" "The Act" "Bullet Train" 1999 Joey King
9%
Actor, "The Haunting of Bly Manor" "The Invisible Man" 1986 Oliver Jackson-Cohen
9%
Actress best known for his role as Kimberly in "The Sex Lives of College Girls" 1992 Pauline Chalamet
9%
Actor best known for his role as Pee-wee Herman in several films 1952 Paul Reubens
9%
Actor, "Hellboy" "Sons of Anarchy" "Drive" 1950 Ron Perlman
9%
Actress, "Black Widow" "Lost in Translation" "Marriage Story" 1984 Scarlett Johansson
9%
Actress, "Little Miss Sunshine" "Scream Queens" "Zombieland" 1996 Abigail Breslin
6%
Actor best known for his role as Seth Cohen in "The O.C." 1979 Adam Brody
6%
Actor, "The Pianist" "The Brutalist" "The Darjeeling Limited" 1973 Adrien Brody
6%
Actor best known for his role as Number Five in "The Umbrella Academy" 2003 Aidan Gallagher
6%
Actress, "How I Met Your Mother" "American Pie" "Buffy the Vampire Slayer" 1974 Alyson Hannigan
6%
Actress, "High School Musical" "The Suite Life of Zack & Cody" "Phineas and Ferb" 1985 Ashley Tisdale
6%
Actor best known for his role as Carlos in the "Descendants" films 1999 Cameron Boyce
6%
Actor best known for his role as Harry Potter in the "Harry Potter" film series 1989 Daniel Radcliffe
6%
Actress, "Shameless" "The Phantom of the Opera" "Mystic River" 1986 Emmy Rossum
6%
Actress, "Westworld" "Thirteen" "Frozen II" 1987 Evan Rachel Wood
6%
Actor, "The Flash" "We Need to Talk About Kevin" "The Perks of Being a Wallflower" 1992 Ezra Miller
6%
Actress, "Confessions of a Shopaholic" "Wedding Crashers" "Now You See Me" 1976 Isla Fisher
6%
Actor, "Brokeback Mountain" "Zodiac" "Prisoners" "Nightcrawler" 1980 Jake Gyllenhaal
6%
Actor, "21 Jump Street" "Superbad" "The Wolf of Wall Street" "mid90s" 1983 Jonah Hill
6%
Actor best known for his role as Josh Nichols in "Drake & Josh" 1986 Josh Peck
6%
Actress best known for her role as Denise Huxtable in "The Cosby Show" 1967 Lisa Bonet
6%
Actress, "The Dark Knight" "Crazy Heart" "The Kindergarten Teacher" 1977 Maggie Gyllenhaal
6%
Actor, "Stand by Me" "My Own Private Idaho" "Indiana Jones and the Last Crusade" 1970 River Phoenix
6%
Actress best known for her role as Carrie Bradshaw in "Sex and the City" 1965 Sarah Jessica Parker
6%
Actress best known for her role as Buffy Summers in "Buffy the Vampire Slayer" 1977 Sarah Michelle Gellar
6%
Actress, "Wreck-It Ralph" "School of Rock" "Battle of the Sexes" 1970 Sarah Silverman
6%
Actor best known for his role as Carey Mahoney in "Police Academy" 1958 Steve Guttenberg
6%
Actor, "Hereditary" "Jumanji: Welcome to the Jungle" "Old" 1997 Alex Wolff
3%
Actress, "Barbie" "Ahsoka" "Borderlands" 2007 Arianna Greenblatt
3%
Actor, "Superbad" "Kick-Ass" 1989 Christopher Mintz-Plasse
3%
Actor, "The Goonies" "Stand by Me" "The Lost Boys" 1971 Corey Feldman
3%
Actor, "The Lost Boys" "Lucas" "Corey & Corey" 1971 Corey Haim
3%
Actor, "Hamilton" "Wonder" "The Little Mermaid" 1982 Daveed Diggs
3%
Actor best known for his role as Dewey Riley in the "Scream" films 1971 David Arquette
3%
Actress, "Zootopia" "Big Love" "Once Upon a Time" 1978 Ginnifer Goodwin
3%
Actress, "Iron Man" "Seven" "Shakespeare in Love" 1972 Gwyneth Paltrow
3%
Actor, "The Simpsons" "The Birdcage" "Friends" 1964 Hank Azaria
3%
Actress, "Harry Potter" "Fight Club" "Alice in Wonderland" 1966 Helena Bonham Carter
3%
Actress, "Orphan" "The Hunger Games" "Horizon" 1997 Isabelle Fuhrman
3%
Actor, "How I Met Your Mother" "Forgetting Sarah Marshall" "The Muppets" 1980 Jason Segel
3%
Actor, "Suicide Squad" "RoboCop" "House of Cards" 1979 Joel Kinnaman
3%
Actor, "500 Days of Summer" "Looper" "Inception" 1981 Joseph Gordon-Levitt
3%
Actress and model, "Bottoms" "Saturday Night" "Babylon" 2001 Kaia Gerber
3%
Actor, "Scream" "Ray Donovan" "Salt" 1967 Liev Schreiber
3%
Actress best known for her role as Phoebe Buffay in "Friends" 1963 Lisa Kudrow
3%
Actress, "Matilda" "Mrs. Doubtfire" "Miracle on 34th Street" 1987 Mara Wilson
3%
Actor, "Breaking Bad" "Scarface" "The Fountain" 1939 Mark Margolis
3%
Actress best known for his role as Lexi Howard in "Euphoria" 1997 Maude Apatow
3%
Actress best known for role as Amy Farah Fowler in "The Big Bang Theory" 1975 Mayim Bialik
3%
Actress best known for her role as Bernadette Rostenkowski-Wolowitz in "The Big Bang Theory" 1980 Melissa Rauch
3%
Actress, "That 70s Show" "Forgetting Sarah Marshall" "Black Swan" 1983 Mila Kunis
3%
Actor, "The Fault in Our Stars" "Paper Towns" "The Naked Brothers Band" 1994 Nat Wolff
3%
Actress, "The Giver" "Lady Bird" "Cha Cha Real Smooth" 1997 Odeya Rush
3%
Actress, "Boyhood" "Severance" "True Romance" 1968 Patricia Arquette
3%
Actor, "Stranger Things" "Aliens" "Beverly Hills Cops" 1956 Paul Reiser
3%
Actor, "The King of Staten Island" "Bodies Bodies Bodies" 1993 Pete Davidson
3%
Actress, "The Mummy" "The Favourite" "The Constant Gardener" 1970 Rachel Weisz
3%
Actress, "Cruel Intentions" "Legally Blonde" "Hellboy" 1972 Selma Blair
3%
Actor best known for his role as Howard Wolowitz in "The Big Bang Theory" 1980 Simon Helberg
3%
Actor, "A Bit of Fry & Laurie" "Blackadder" "V for Vendetta" 1957 Stephen Fry
3%
Actor, "The Silence of the Lambs" "Monk" 1957 Ted Levine
3%
Actress, "You" "The Haunting of Bly Manor" "Once Upon a Time in Hollywood" 1995 Victoria Pedretti
3%
Actor, "It" "Guardians of the Galaxy" "I Am Not Okay with This" 2003 Wyatt Oleff
3%
Actor best known for his role as John Walker in the Marvel Cinematic Universe 1986 Wyatt Russell
3%
Actor best known for his role as J.D. Dorian in "Scrubs" 1975 Zach Braff
3%
Actor, "Solo: A Star Wars Story" "Hail, Caesar!" "Oppenheimer" 1989 Alden Ehrenreich
0%
Actress, "Community" "GLOW" "Mad Men" 1982 Alison Brie
0%
Actress best known for her role as Tara Maclay in "Buffy the Vampire Slayer" 1977 Amber Benson
0%
Actor, "Star Trek" "Terminator Salvation" "Like Crazy" 1989 Anton Yelchin
0%
Actor, "The Walking Dead" "Euphoria" 1996 Austin Abrams
0%
Actor, "Dear Evan Hansen" "Pitch Perfect" "Theater Camp" 1993 Ben Platt
0%
Actor, "Parks and Recreation" "Sonic the Hedgehog" 1981 Ben Schwartz
0%
Actress, "Scream Queens" "American Horror Story" "Booksmart" 1992 Billie Lourd
0%
Actor, "The Office" "Inglourious Basterds" 1979 B.J. Novak
0%
Actor, "House of Cards" "Ant-Man" "The Strain" 1976 Corey Stoll
0%
Actor, "Superman" "The Politician" "Hollywood" 1993 David Corenswet
0%
Actor, "Deadpool" "Rebel Moon" "Alita: Battle Angel" 1983 Ed Skrein
0%
Actress, "The Hunger Games" "Pitch Perfect" "Cocaine Bear" 1974 Elizabeth Banks
0%
Actress, "The Idea of You" "Until Dawn" "Anora" 2001 Ella Rubin
0%
Actress, "You Don't Mess with the Zohan" "Entourage" "Superman & Lois" 1975 Emmanuelle Chiriqui
0%
Actor best known for his role as Mark Sloan in "Grey's Anatomy" 1972 Eric Dane
0%
Actress, "Casino Royale" "Miss Peregrine's Home for Peculiar Children" "The Golden Compass" 1980 Eva Green
0%
Actor, "Gladiator II" "The White Lotus" "Nickel Boys" 1999 Fred Hechinger
0%
Actor best known for his role as Harvey Specter in "Suits" 1972 Gabriel Macht
0%
Actress, "Frozen" "Uncut Gems" "Wicked" 1971 Idina Menzel
0%
Actress, "Prison Break" "Lucifer" "Impostors" 1986 Inbar Lavi
0%
Actor best known for his role as "Never Have I Ever" 2000 Jaren Lewison
0%
Actor, "Harry Potter" "The Death of Stalin" "The White Lotus" 1963 Jason Isaacs
0%
Actor, "Rushmore" "Asteroid City" "The Darjeeling Limited" 1980 Jason Schwartzman
0%
Actress, "Requiem for a Dream" "A Beautiful Mind" "Top Gun: Maverick" 1970 Jennifer Connelly
0%
Actress, "Everything Everywhere All at Once" "It Ends with Us" "Gifted" 1982 Jenny Slate
0%
Actor, "The Walking Dead" ""The Punisher" "The Bear" "Baby Driver" 1976 Jon Bernthal
0%
Actor best known for his role as Happy Hogan in the Marvel Cinematic Universe 1966 Jon Favreau
0%
Actor best known for his role as Ted Mosby in "How I Met Your Mother" 1974 Josh Radnor
0%
Actress, "Ozark" "Inventing Anna" "Wolf Man" 1994 Julia Garner
0%
Actress best known for her role as Max Black in "2 Broke Girls" 1986 Kat Dennings
0%
Actor, "Pusher" "The Bridge" "Killing Eve" 1965 Kim Bodnia
0%
Actress, creator and writer of "Girls" 1986 Lena Dunham
0%
Actress, "Mean Girls" "Masters of Sex" "Freaks and Geeks" 1982 Lizzy Caplan
0%
Actor, "Quantum of Solace" "Munich" "The French Dispatch" 1965 Mathieu Amalric
0%
Actor, "Little Britain" "Doctor Who" "Wonka" 1974 Matt Lucas
0%
Actress, "The Good Place" "Big Mouth" "Grown Ups" 1972 Maya Rudolph
0%
Actress, "Inglourious Basterds" "Now You See Me" "Enemy" 1983 Mélanie Laurent
0%
Actor, "Call Me by Your Name" "Shape of Water" "A Serious Man" 1968 Michael Stuhlbarg
0%
Actress, "Buffy the Vampire Slayer" "Gossip Girl" "EuroTrip" 1985 Michelle Trachtenberg
0%
Actress, "Harry Potter" "The Age of Innocence" "Yentl" 1941 Miriam Margolyes
0%
Actress, "Theater Camp" "The Bear" "Booksmart" 1995 Molly Gordon
0%
Actress best known for her role as Sidney Prescott in the "Scream" films 1973 Neve Campbell
0%
Actress, "The Last Airbender" "Bates Motel" "Transformers" 1995 Nicola Peltz
0%
Actor, "E.T. the Extra-Terrestrial" "Erin Brockovich" "Patch Adams" 1941 Peter Coyote
0%
Actress best known for her role as Summer Roberts in "The O.C." 1981 Rachel Bilson
0%
Actor, "Curb Your Enthusiasm" "Only Murders in the Building" "Mad About You" 1956 Richard Kind
0%
Actress, "Roseanne" "The Conners" "The Big Bang Theory" 1975 Sara Gilbert
0%
Actress, "Captain America: Brave New World" "Unorthodox" 1995 Shira Haas
0%
Actress best known for her role as Tatiana Rusesabagina in "Hotel Rwanda" 1968 Sophie Okonedo
0%
Actor, "Groundhog Day" "Memento" "Mississippi Burning" 1951 Stephen Tobolowsky
0%
Actor, "Scarface" "Breaking Bad" "Ray Donovan" 1956 Steven Bauer
0%
Actress, "Girls Trip" "Night School" 1979 Tiffany Haddish
0%
Actor, "Titanic" "Argo" "Sleepless in Seattle" 1949 Victor Garber
0%
Actor best known for his role as Greg Heffley in the "Diary of a Wimpy Kid" series 1998 Zachary Gordon
0%
Actress, "The Batman" "Divergent" "Kimi" 1988 Zoe Kravitz
0%
No matching quizzes found
Score Distribution
Percent of People with Each Score
Percentile by Number Answered
Your Score History
You have not taken this quiz